| 000 | 00661nam a2200121Ia 4500 | ||
|---|---|---|---|
| 008 | 220620s9999||||xx |||||||||||||| ||und|| | ||
| 100 | _aWei-Chiang Hong (Ed.) | ||
| 245 | 0 | _aKernel Methods and Hybrid Evolutionary Algorithms in Energy Forecasting | |
| 546 | _aEnglish[eng] | ||
| 650 | _ahybrid models||energy forecasting||empirical mode decomposition||evolutionary algorithms||wavelet transform||quantum computing mechanism||support vector regression / support vector machines||chaotic mapping mechanism||extreme learning machine||fuzzy time series||kernel methods||spiking neural networks | ||
| 856 | _uhttps://www.mdpi.com/books/pdfview/book/840 | ||
| 942 | _cEB | ||
| 999 |
_c27707 _d27707 |
||